00912nam a2200229 i 450000100060000000300090000600500170001500700030003200800410003502000180007608000210009410000370011524502070015226000380035930000220039749000230041970000370044283000310047985200330051099900170054395201220056016258ES-MaACL20230906151256.0t|000821s1997 sp ||||1| spa d a84-8191-139-9 a821.134.2-32"19"0 aBarga, Corpus,d1887-197592562910aContando sus pasos b: primer viaje a América (la vida rota, segunda parte) y otros textos inéditos de su juventud / cCorpus Barga ; edición, prólogo, introducción de Isabel del Alamo Triana. aValencia : bPre-Textos, c[1997] a225 p. ; c20 cm.1 aPre-textos ; v3041 aAlamo Triana, Isabel del.9191170 aPre-textos ; v3049178641 aES-MaACLjL-23523 bR.128826 c16258d16258 00104070aATENEOMbATENEOMcDEPO2d2008-01-17eSCl0oL-23523p1016520r2023-02-23 00:00:00w2023-02-23yMONOGRAFIA